| 000 | 00368nam a2200145 4500 | ||
|---|---|---|---|
| 999 |
_c9404 _d9404 |
||
| 003 | OSt | ||
| 005 | 20210409163413.0 | ||
| 008 | 210409b ||||| |||| 00| 0 eng d | ||
| 020 | _a9780486244570 | ||
| 082 |
_a720.222 _bWRI |
||
| 100 | _aLloyd Wright Frank | ||
| 245 | _aDrawings and plans of frank lloyd wright | ||
| 260 |
_aNew york _bDover publication |
||
| 942 | _2ddc | ||